00820nam a2200217Ia 4500001000600000003000500006008004100011010001100052040000900063100003500072245019500107260004100302300001000343502008100353650001200434650003100446650003400477650002400511650002300535700004400558Z_743CHAP220113s1990 xx 000 0 und d a163836 cCHAP aGonzález Mota, José Manuel aConsumo y digestibilidad de dietas con diferentes proporciones de sorgo y rastrojo de maíz en borregos de pelo /cpor José Manuel González Mota, Felipe de Jesús González Melgarejo aChapingo, Méx. :bEl autor,c1990 a83 h. aTesis (Ing. Agrónomo Esp. en Zootecnia) -- UACH. Departamento de Zootecnia aDietas  7aForrajesxDigestibilidad2 aGanado lanarxAlimentación  aRastrojo de maíz  aSorgo como forraje aGonzález Melgarejo, Felipe de Jesús